[Event "Paris-ch op-A"]
[Site "Paris"]
[Date "2010.07.06"]
[Round "4"]
[White "Petitjean, Pierre"]
[Black "Benini, Fulvio"]
[Result "1-0"]
[WhiteElo "2023"]
[BlackElo "1899"]
[PlyCount "59"]
[EventDate "2010.07.03"]
[EventType "swiss"]
[EventRounds "9"]
[EventCountry "FRA"]
[SourceTitle "CBM 137 Extra"]
[Source "ChessBase"]
[SourceDate "2010.09.01"]
[SourceVersion "1"]
[SourceVersionDate "2010.09.01"]
[SourceQuality "1"]

1. g3 Nf6 2. Bg2 g6 3. Nf3 Bg7 4. d3 d6 5. Nc3 c5 6. e4 e5 7. h3 Nc6 8. Be3 a6 9. Qd2 Bd7 10. Bh6 0-0 11. 0-0-0 b5 12. g4 b4 13. Ne2 Qa5 14. Kb1 Be6 15. Nc1 Qb6 16. Nh2 a5 17. Rdf1 Nd7 18. h4 a4 19. Bxg7 Kxg7 20. f4 exf4 21. Qxf4 Nce5 22. h5 b3 23. cxb3 a3 24. Rf2 axb2 25. Rxb2 Ra3 26. Nf3 Rfa8 27. Ng5 Bxg4 28. hxg6 Kxg6 29. Rh6+ Kxh6 30. Ne6+ 1-0

[Event "Paris-ch op-A"]
[Site "Paris"]
[Date "2010.07.03"]
[Round "1"]
[White "Martin, Axel"]
[Black "Petitjean, Pierre"]
[Result "1/2-1/2"]
[WhiteElo "1853"]
[BlackElo "2023"]
[PlyCount "103"]
[EventDate "2010.07.03"]
[EventType "swiss"]
[EventRounds "9"]
[EventCountry "FRA"]
[SourceTitle "CBM 137 Extra"]
[Source "ChessBase"]
[SourceDate "2010.09.01"]
[SourceVersion "1"]
[SourceVersionDate "2010.09.01"]
[SourceQuality "1"]

1. e4 g6 2. d4 c5 3. Nf3 Bg7 4. Nc3 cxd4 5. Nxd4 Nc6 6. Be3 Qa5 7. Qd2 Nf6 8. f3 0-0 9. 0-0-0 Rb8 10. Bc4 Rd8 11. Bb3 Nxd4 12. Bxd4 d6 13. Kb1 b5 14. Bxf6 Bxf6 15. Nd5 Qxd2 16. Nxf6+ exf6 17. Rxd2 Be6 18. Rhd1 Rb6 19. h3 Kf8 20. f4 Ke7 21. e5 fxe5 22. fxe5 Bxb3 23. axb3 Ke6 24. Rd5 b4 25. R1d3 Rd7 26. Kc1 f6 27. exd6 Rdxd6 28. Rxd6+ Rxd6 29. Rxd6+ Kxd6 30. Kd2 Kd5 31. Kd3 f5 32. c4+ Ke5 33. Ke3 g5 34. g3 h6 35. Kd3 h5 36. Ke3 a5 37. Kf3 g4+ 38. hxg4 fxg4+ 39. Ke3 Kf5 40. c5 Ke5 41. c6 Kd6 42. Kf4 Kxc6 43. Kg5 Kb5 44. Kxh5 a4 45. bxa4+ Kxa4 46. Kxg4 Kb3 47. Kh5 Kxb2 48. g4 b3 49. g5 Kc3 50. g6 b2 51. g7 b1Q 52. g8Q 1/2-1/2

[Event "FRA-ch op-A"]
[Site "Pau"]
[Date "2008.08.13"]
[Round "2"]
[White "Grandadam, Nicolas"]
[Black "Petitjean, Pierre"]
[Result "1-0"]
[WhiteElo "2112"]
[BlackElo "2025"]
[PlyCount "77"]
[EventDate "2008.08.11"]
[EventType "swiss"]
[EventRounds "9"]
[EventCountry "FRA"]
[SourceTitle "CBM 126 Extra"]
[Source "ChessBase"]
[SourceDate "2008.11.05"]
[SourceVersion "1"]
[SourceVersionDate "2008.11.05"]
[SourceQuality "1"]

1. d4 g6 2. c4 Bg7 3. e4 d6 4. Nc3 Nf6 5. Be2 0-0 6. Nf3 e5 7. 0-0 Nc6 8. d5 Ne7 9. Ne1 Nd7 10. f3 f5 11. g4 fxg4 12. fxg4 Rxf1+ 13. Kxf1 Nf8 14. Nd3 g5 15. Bxg5 h6 16. Be3 Neg6 17. Ke1 Qh4+ 18. Kd2 Nh7 19. Qe1 Qe7 20. Qg3 Nf4 21. Nxf4 exf4 22. Bxf4 Ng5 23. Bxg5 hxg5 24. Bd3 Bd7 25. Rf1 Be5 26. Qg2 Kg7 27. h3 c6 28. Ne2 Bxb2 29. Ng3 cxd5 30. exd5 Qe5 31. Nh5+ Kh8 32. Qe4 Qh2+ 33. Qe2 Qxh3 34. Rf7 Qxg4 35. Rh7+ Kg8 36. Qe7 Qg2+ 37. Be2 Bc1+ 38. Kxc1 Qg1+ 39. Bd1 1-0

[Event "FRA-ch U18"]
[Site "Le Grand Bornand"]
[Date "2003.??.??"]
[Round "4.10"]
[White "Petitjean, Pierre"]
[Black "Terrieux, Kevin"]
[Result "0-1"]
[WhiteElo "2051"]
[BlackElo "2208"]
[PlyCount "52"]
[EventDate "2003.??.??"]
[EventType "swiss"]
[EventRounds "9"]
[EventCountry "FRA"]
[SourceTitle "EXT 2004"]
[Source "ChessBase"]
[SourceDate "2003.11.25"]
[SourceVersion "1"]
[SourceVersionDate "2003.11.25"]
[SourceQuality "1"]

1. e4 c5 2. Nc3 a6 3. g3 b5 4. Bg2 Bb7 5. d3 g6 6. Be3 d6 7. Nf3 Bg7 8. Qd2 Nc6 9. Nd1 Nd4 10. c3 Nxf3+ 11. Bxf3 f5 12. Qe2 fxe4 13. dxe4 e5 14. c4 b4 15. 0-0 Ne7 16. Bg5 0-0 17. Ne3 Bf6 18. Bh6 Re8 19. Nd5 Nxd5 20. exd5 Bg5 21. Bxg5 Qxg5 22. Bg4 Rf8 23. Be6+ Kg7 24. Qe3 Qf6 25. Rab1 g5 26. Kg2 Qxe6 0-1